000 00362cam a2200133ua 4500
003 OSt
008 230320b |||||||| |||| 00| 0 eng d
041 _aeng
082 _a028.74671
_bCEN/WO
245 _aWorkshop canal automation: Proceedings /
260 _aNew Delhi :
_bCentral Board of Irrigation and Power (CBIP) ,
_c1995.
300 _a182 ; .
942 _cBK
999 _c9858
_d9858